Представление документа в формате RUSMARC

ПолеНазваниеЗначение
  Тип записи a
  Библиографический уровень m
001 Контрольный номер RU/CBS_UL/BASE/8609515d63f4469987e01d82f3f697e4
005 Дата корректировки 20250122214007.9
101 Язык документа __
a Язык текста rus
102 Страна публикации __
a Страна публикации RU
200 Заглавие и сведения об ответственности 0_
a Заглавие № 295 (27 дек.)
210 Выходные данные __
d Дата издания 2023
461 Уровень набора __
1 2001
a Российская газета
v № 295 (27 дек.)
1 210
d 2023
801 Источник записи __
a Страна RU
b Организация МБУК ЦБС г. Ульяновска
g Правила каталогизации RCR
901 Тип документа __
w Контрольный № источника RU/IS/BASE/404909273
t Тип документа h